000 00602nam a22002057a 4500
003 BD-DhJNU
005 20250120061123.0
008 250120b |||||||| |||| 00| 0 eng d
020 _a9789387465947
040 _aBD-DhJNU
_bENG
_cBD-DhJNU
_dBD-DhJNU
082 _223
_a150 MOI
100 _a Morgan, Clifford T.
245 _aIntroduction to psychology /
_cClifford T. Morgan...[et al.].
260 _aNew Delhi :
_bMedTech Science Press,
_c2024.
300 _axx,724p. :
_bill. ;
_c25 cm.
504 _aIncludes index
650 _apsychology
650 _aWork of Psychology
942 _2ddc
_cBK
_n0
999 _c1120
_d1120